Návrh opatrení na zdokonalenie fungovania náboru, výberu a prijímania zamestnancov v podniku ProCS, s.r.o.

Salvato in:
Dettagli Bibliografici
Autore principale: Gulková, Lucia (Autore)
Altri autori: Szabó, Peter (Relatore della tesi)
Natura: Manoscritto Libro
Lingua:slovacco
Pubblicazione: 2015
Soggetti:
Accesso online:http://is.stuba.sk/zp/portal_zp.pl?podrobnosti=120989
Tags: Aggiungi Tag
Nessun Tag, puoi essere il primo ad aggiungerne!!

MARC

LEADER 00000ntm a22000003a 4500
001 stuzp50502
003 SK-STU
005 20160719153556.5
007 ta
008 150427s2015----xo-----f-mn---000-0-slo-d
040 |a STU  |b slo 
041 0 |a slo 
100 1 |a Gulková, Lucia  |u 064000  |4 aut  |U MTF Materiálovotechnologická fakulta  |T MTF Ústav priemyselného inžinierstva a manažmentu  |X 69981  |U M4000  |Y 84  |7 69981 
242 0 1 |a Proposed measures to improve the functioning of recruitment process and the selection of employees in the company ProCS, s.r.o.  |y eng 
245 1 0 |a Návrh opatrení na zdokonalenie fungovania náboru, výberu a prijímania zamestnancov v podniku ProCS, s.r.o. 
260 |c 2015 
650 4 |a výber zamestnancov  |2 slo 
650 4 |a ľudské zdroje  |2 slo 
650 4 |a získavanie zamestnancov  |2 slo 
650 4 |a recruiting employees  |2 eng 
650 4 |a recruitment  |2 eng 
650 4 |a human resources  |2 eng 
700 1 |a Szabó, Peter  |4 ths  |X 19244  |7 A000019244 
856 4 |u http://is.stuba.sk/zp/portal_zp.pl?podrobnosti=120989 
996 |c M* BP-7337  |l MMSKP  |s P  |a 0  |w stuzp50502_0001 
SQL |a stuzp50502  |b DBP  |c SLO  |d Návrh opatrení na zdokonalenie fungovania náboru, výberu a prijímania zamestnancov v podniku ProCS, s.r.o.  |e 69981  |f Gulková, Lucia  |g 064000  |h 19244  |i Szabó, Peter  |j 20150623  |k 173  |l 06  |m http://is.stuba.sk/zp/portal_zp.pl?podrobnosti=120989  |n B-PPP  |o 5.2.52. priemyselné inžinierstvo